| 000 | 01314nam a22003251c 4500 | ||
|---|---|---|---|
| 001 | EBC5629395 | ||
| 008 | 200922s2019 gw |||| 000u eng d | ||
| 020 |
_a9783835333475 _a2978-3-8353-4300-9 _9978-3-8353-3347-5 |
||
| 041 | _aeng | ||
| 245 | 0 | 0 |
_aRight-wing politics and the rise of Antisemitism in Europe 1935-1941 / _cFrank Bajohr, Dieter Pohl, editors |
| 246 | 1 | 0 | _aPrint version: Right-wing politics and the rise of Antisemitism in Europe 1935-1941. Göttingen : Wallstein Verlag, 2019 268 pages European Holocaust Studies ; Volume 1 9783835333475 |
| 264 |
_aGöttingen : _bWallstein Verlag, _c[2019] |
||
| 300 | _a1 Online-Ressource (268 pages) | ||
| 336 |
_aText _btxt _2rdacontent |
||
| 337 |
_aComputermedien _bc _2rdamedia |
||
| 338 |
_aOnline-Ressource _bcr _2rdacarrier |
||
| 500 | _aE-Book-ProQuest / Fernzugriff nach Registrierung möglich | ||
| 650 | 0 | _aRechtsradikalismus | |
| 650 | 0 | _aAntisemitismus | |
| 650 | 0 | _aRechtsradikalismus | |
| 651 | 0 | _aEuropa | |
| 655 | 0 | _aFernzugriff | |
| 700 | 1 |
_aBajohr, Frank _eHerausgeberIn |
|
| 700 | 1 |
_aPohl, Dieter _eHerausgeberIn |
|
| 856 | 4 | _uhttps://ebookcentral.proquest.com/lib/maxweberstiftung-ebooks/detail.action?docID=5629395 | |
| 942 | _cEB | ||
| 040 | _cRU-10907106 | ||
| 003 | RU-10907106 | ||
| 999 |
_c55051 _d55051 |
||
| 490 | 0 |
_aEuropean Holocaust Studies _v1 |
|